Best Current NBA Player by Letter - Statistics

General Stats
  • This quiz has been taken 2,243 times
    112 since last reset
  • The average score is 9 of 24
Answer Stats
Hint Answer % Correct
J Nikola Jokic
86%
C Stephen Curry
81%
D Luka Doncic
79%
A Giannis Antetokounmpo
74%
E Joel Embiid
68%
G Shai Gilgeous-Alexander
63%
B Jalen Brunson
58%
T Jayson Tatum
53%
M Donovan Mitchell
46%
H Tyrese Haliburton
40%
L Kawhi Leonard
38%
W Zion Williamson
33%
Y Trae Young
30%
F De'Aaron Fox
23%
I Kyrie Irving
21%
V Fred VanVleet
15%
R Julius Randle
15%
P Kristaps Porzingis
15%
Z Ivica Zubac
14%
S Domantas Sabonis
11%
K Kyle Kuzma
6%
Q Immanuel Quickley
4%
N Jusuf Nurkic
4%
O Onyeka Okongwu
3%
No matching quizzes found
Score Distribution
Percent of People with Each Score
Percentile by Number Answered
Your Score History
You have not taken this quiz since the last reset